000 00493nam a2200181Ia 4500
005 20250508151113.0
008 008 250505s9999 xx 000 0 eng d
037 _aTextual
040 _aFEDL
_beng
_cFEDL
041 _aeng
_2eng
084 _a320, LAS
_qFEDL
100 _aLaski Harold J.
245 0 _aGrammar of politics
260 _aLondon, UK
_bGeorge Allen and Unwin Limited
_c1950
300 _axxvii,672p.
942 _cTEXL
_h320, LAS
999 _c1327597
_d1327597